| 000 | 00589nam a22001817a 4500 | ||
|---|---|---|---|
| 005 | 20130724171313.0 | ||
| 010 | _aENG-108129 | ||
| 020 |
_c1200.00 _a9789351049876 |
||
| 035 | _aEN-91662 | ||
| 037 | _bDBAD/PUB | ||
| 100 | _aMohammed Alimuddin | ||
| 245 |
_aThe heritage of Persian Literature in the history of Bengal : _cby Mohammed Alimuddin _bin 19th century / |
||
| 260 |
_aKolkata _bSarfaraz Printing House _c2013 |
||
| 270 |
_aS.N. Banerjee Road _bKolkata _e700014 |
||
| 300 |
_avi,765p. _c30cm(Hb) |
||
| 500 | _aIncludes bibliographical references and index | ||
| 942 |
_2ddc _cEN _mALI |
||
| 999 |
_c77980 _d77980 |
||